Muslim India. (Record no. 27728)
[ view plain ]
| 000 -LEADER | |
|---|---|
| fixed length control field | 01369cas a2200361 a 4500 |
| 001 - CONTROL NUMBER | |
| control field | 11277911 |
| 005 - DATE AND TIME OF LATEST TRANSACTION | |
| control field | 20040208174425.0 |
| 008 - FIXED-LENGTH DATA ELEMENTS--GENERAL INFORMATION | |
| fixed length control field | 830422c19839999ii mr p 0 a0eng d |
| 010 ## - LIBRARY OF CONGRESS CONTROL NUMBER | |
| LC control number | 83913391 |
| Canceled/invalid LC control number | sn 83011947 |
| 035 ## - SYSTEM CONTROL NUMBER | |
| System control number | (OCoLC)ocm09438856 |
| 040 ## - CATALOGING SOURCE | |
| Original cataloging agency | ICRL |
| Transcribing agency | ICRL |
| Modifying agency | NST |
| -- | MH |
| -- | DLC |
| -- | NST |
| -- | DLC |
| -- | NST |
| -- | MH |
| -- | OCoLC |
| 042 ## - AUTHENTICATION CODE | |
| Authentication code | lc |
| 043 ## - GEOGRAPHIC AREA CODE | |
| Geographic area code | a-ii--- |
| 050 ## - LIBRARY OF CONGRESS CALL NUMBER | |
| Classification number | DS432.M84 |
| Item number | M87 |
| 082 ## - DEWEY DECIMAL CLASSIFICATION NUMBER | |
| Classification number | 954.00882971 |
| Edition number | 19 |
| 245 ## - TITLE STATEMENT | |
| Title | Muslim India. |
| 260 ## - PUBLICATION, DISTRIBUTION, ETC. (IMPRINT) | |
| Place of publication, distribution, etc | New Delhi |
| Name of publisher, distributor, etc | Muslim India Educational & Cultural Trust |
| Date of publication, distribution, etc | 1983- |
| 300 ## - PHYSICAL DESCRIPTION | |
| Extent | v. ; |
| Dimensions | 27 cm. |
| 310 ## - CURRENT PUBLICATION FREQUENCY | |
| Current publication frequency | Monthly |
| 362 ## - DATES OF PUBLICATION AND/OR SEQUENTIAL DESIGNATION | |
| Dates of publication and/or sequential designation | Vol. 1, no. 1 (Jan. 1983)- |
| 500 ## - GENERAL NOTE | |
| General note | Title from cover. |
| 500 ## - GENERAL NOTE | |
| General note | Latest issue consulted: Vol. 2, no. 24 (Dec. 1984). |
| 590 ## - LOCAL NOTE (RLIN) | |
| Local note | SERBIB/SERLOC merged record |
| 650 ## - SUBJECT ADDED ENTRY--TOPICAL TERM | |
| Topical term or geographic name as entry element | Muslims |
| Geographic subdivision | India |
| Form subdivision | Periodicals. |
| 270 ## - ADDRESS | |
| Address | D-250, Abul Fazal Enclave, Jamia Nagar |
| City | New Delhi |
| Postal code | 110025 |
| Telephone number | 26946780 |
| Fax number | 26947346 |
| Electronic mail address | muslim@del3.vsnl.net.in |
| 906 ## - LOCAL DATA ELEMENT F, LDF (RLIN) | |
| a | 7 |
| b | cbc |
| c | serials |
| d | 3 |
| e | ncip |
| f | 19 |
| g | n-oclcserc |
| 942 ## - ADDED ENTRY ELEMENTS (KOHA) | |
| Source of classification or shelving scheme | Dewey Decimal Classification |
| Item type | Periodicals |
| Classification part | 954.00882971 |
| Call number suffix | MUS |
| Serial record | 1 |
| Withdrawn status | Lost status | Source of classification or shelving scheme | Damaged status | Not for loan | Collection code | Home library | Current library | Date acquired | Total Checkouts | Full call number | Date last seen | Price effective from | Koha item type |
|---|---|---|---|---|---|---|---|---|---|---|---|---|---|
| Dewey Decimal Classification | Not For Loan | Non-fiction | D.B.Act.Division | D.B.Act.Division | 21/06/2009 | 954.00882971 MUS | 21/06/2009 | 21/06/2009 | Periodicals |
